| 000 | 00511nam a2200169Ia 4500 | ||
|---|---|---|---|
| 005 | 20240717013213.0 | ||
| 008 | 240331s9999 xx 000 0 und d | ||
| 020 | _a9628576879 | ||
| 082 |
_bBir _a200 |
||
| 100 | _aPeace commission of the Hong Kong | ||
| 245 | 0 |
_aBirds in the cage : _bfreedom of religious beliefs in China |
|
| 260 |
_aHong Kong _bJustice and Peace Commission of the Hong Kong Catholic Diocese _c2004 |
||
| 300 | _a108 p ., | ||
| 650 | _aReligious | ||
| 650 | _aRepublic of China | ||
| 942 | _cL | ||
| 999 |
_c1345 _d1345 |
||